000 00707nam a2200241Ia 4500
003 OSt
005 20220923214925.0
006 a|||||r|||| 00| 0
007 ta
008 220922b |||||||| |||| 00| 0 hin d
024 _a173,771
037 _cTextual
040 _aARTS
_cARTS
_bhin
041 _2hin
_ahin
082 _aO152,8M92x, K0
100 _aशर्मा, हरिशंकर
_9156279
245 0 _aमटका राम मित्र
246 _aMaṭakā rām mitra
260 _c1960
650 _aहिन्दी साहित्य
_9156264
942 _hO152,8M92x, K0
_cTEXL
_2CC
999 _c327635
_d327635